Statistiques concernant Clips du top 50 de l'année 2013

Cliquez ici pour prendre le quiz!

Statistiques générales

  • Ce quiz a été pris 160 fois
  • Le résultat moyen est 5 sur 8

Statistiques - réponses

Réponse% Correct
Maître Gims - Bella
99%
Stromae - Papaoutai
99%
Christophe Maé - Tombé sous le charme
86%
Zaz - On ira
84%
Tal & M. Pokora - Envole-moi
81%
Mylène Farmer - Je te dis tout
75%
Big Ali & Wati B - WatiBigali
19%
Détroit - Droit dans le soleil
0%

Distribution des résultats

Percentile par nombre de réponses

% des personnes avec chaque résultat

Votre développement - résultats

Vous n’avez pas pris ce quiz